| 000 -LEADER |
| fixed length control field |
00393nam a22001097a 4500 |
| 008 - FIXED-LENGTH DATA ELEMENTS--GENERAL INFORMATION |
| fixed length control field |
160509b xxu||||| |||| 00| 0 eng d |
| 100 ## - MAIN ENTRY--AUTHOR'S NAME |
| Author's Name |
Schmidt-Andersen, J. |
| 245 ## - TITLE STATEMENT |
| Title |
Danske essays og provetryk, 1849-1902 |
| 260 ## - PUBLICATION, DISTRIBUTION, ETC. (IMPRINT) |
| Name of publisher, distributor, etc. |
Nordisk Filatelistisk Tidsskrift |
| Date of publication, distribution, etc. |
1950 |
| 650 ## - TOPICAL TERM (Tag) |
| Topical term or geographic name |
Denmark | Essays and Proofs | 1849-1902 | 19th Century | 20th Century | Production | Designs |
| 700 ## - SECONDARY AUTHOR, EDITOR OR ILLUSTRATOR |
| Personal Name |
King-Farlow, R. |